[Event "Katowice Springs 2018"]
[Site "Katowice"]
[Date "2018.05.11"]
[Round "7"]
[White "Piesik, Piotr"]
[Black "Teclaf, Pawel"]
[Result "1/2-1/2"]
[WhiteElo "2372"]
[BlackElo "2373"]
[Annotator "TA"]
[PlyCount "106"]
[EventDate "2018.??.??"]
[EventType "swiss"]
[EventCountry "POL"]
[SourceTitle "playchess.com"]
[Source "ChessBase"]
[SourceQuality "1"]

{[%evp 21,106,0,0,0,2,-16,41,34,30,68,49,62,52,-77,-86,-81,-83,-85,-103,-101,0,0,0,0,0,8,1,0,0,-10,-15,-14,0,0,0,-8,-8,-8,-6,-8,-2,-25,-37,-60,0,-77,-12,-64,-8,-8,-8,-8,-8,-8,-8,-8,-8,-8,-8,-10,-8,-8,-8,-8,-8,-8,-8,-8,-8,-8,-8,-8,-8,-8,-8,-8,-8,-8,-8,-8,-8,-8,-8,-8,-8,-8,0]} 1. Nf3 c5 2. e4 e6 3. d3 Nc6 4. g3 g6 5. Bg2 Bg7 6. O-O Nge7 7. c3 d5 8. Qe2 b6 9. Na3 {A08: King's Indian Attack} Ba6 10. e5 h6 11. h4 O-O {LiveBook: 4 Games} 12. Bf4 Nf5 13. Qd2 $146 ({Predecessor:} 13. Nc2 Qe7 14. Rfe1 Rad8 15. Qd2 d4 16. c4 Bb7 17. Nh2 Nxe5 18. Bxb7 Qxb7 19. Bxe5 {1-0 (46) Fedorov,A (2589)-Miezis,N (2497) Jurmala 2017}) 13... f6 ({Black should play} 13... d4 $11) 14. Rfe1 $14 g5 15. exf6 gxf4 16. fxg7 Nxg7 17. Ne5 (17. g4 $14 {stays ahead.}) 17... Nxe5 $17 18. Rxe5 Qf6 19. Rae1 Qg6 20. gxf4 Qxd3 ({Weaker is} 20... Bxd3 {[#]} 21. h5 $1 $14 {[%mdl 512]}) (20... Kh7 $17 {aiming for ...Rg8.} 21. R5e3 Rxf4) 21. Qxd3 $11 Bxd3 22. c4 $1 {[%cal Rc4d5]} Rad8 23. cxd5 exd5 24. Bxd5+ Kh8 25. R1e3 Bh7 26. Nb5 Rxf4 27. Nxa7 Rdf8 28. f3 Nf5 29. R3e4 $132 {[%mdl 2048] White is not keeping still} Rxf3 30. Re8 Nd4 31. Rxf8+ Rxf8 32. Re7 Bg8 (32... Bd3 $15 33. Re3 c4) 33. Be4 (33. Bxg8 $11 {keeps the balance.} Kxg8 34. Kg2) 33... Rf4 (33... Bxa2 $17 34. Rh7+ Kg8 35. Rxh6 Re8 36. Rg6+ Kf7) 34. h5 (34. Nc8 $11) 34... Rf7 (34... Be6 $15 35. Bd3 Rf3) 35. Rxf7 {The position is equal.} Bxf7 {[%mdl 4096] Endgame KBN-KBN} 36. Nc8 b5 ({Much weaker is} 36... Bxh5 37. Nxb6 Be8 38. Bd5 $14) 37. a3 Bxh5 38. Kf2 $1 Kg7 39. Ke3 Bg6 40. b4 cxb4 (40... Nf5+ {with more complications.} 41. Kd2 cxb4 42. axb4 Kf6 43. Bd3 h5) 41. axb4 Nc2+ 42. Kf4 Bxe4 (42... Nxb4 {seems wilder.} 43. Nd6 Bh5 44. Nxb5 Be8 45. Nd6 Bd7) 43. Kxe4 {KN-KN} Kf6 44. Nd6 Na3 45. Kf4 Ke6 46. Nf5 Nc2 47. Nxh6 Kd5 48. Nf5 Nxb4 49. Ke3 Nc6 50. Kd3 Kc5 51. Kc3 b4+ 52. Kb2 Ne5 53. Ne3 Nc4+ {Precision: White = 68%, Black = 47%.} 1/2-1/2

[Event "Katowice Springs 2018"]
[Site "Katowice"]
[Date "2018.05.11"]
[Round "7"]
[White "Szustakowski, Antoni"]
[Black "Frolov, Artur"]
[Result "1-0"]
[WhiteElo "2331"]
[BlackElo "2432"]
[Annotator "TA"]
[PlyCount "55"]
[EventDate "2018.??.??"]
[EventType "swiss"]
[EventCountry "POL"]
[SourceTitle "playchess.com"]
[Source "ChessBase"]
[SourceQuality "1"]

{[%evp 22,55,60,59,66,65,75,72,127,25,108,93,101,91,96,66,66,66,74,68,78,83,82,55,314,119,218,112,154,129,110,0,0,0,29997,29998]} 1. d4 Nf6 2. c4 g6 3. Nc3 Bg7 4. e4 d6 5. Be2 O-O 6. Bg5 h6 7. Be3 e5 8. d5 Na6 9. Qd2 Nc5 10. f3 Nh5 11. g3 {E73: King's Indian: Averbakh Variation without 6...c5} Kh7 12. O-O-O {LiveBook: 16 Games} b6 (12... a5 13. Re1 c6 14. Bd1 cxd5 15. exd5 Bd7 16. Bc2 a4 17. Nge2 Qa5 18. g4 Nf4 19. Nxf4 exf4 {1-0 (47) Atalik,S (2600)-Yermolinsky,A (2507) Pittsburgh 2013}) 13. g4 {White is slightly better.} Nf4 14. h4 $1 f5 $146 (14... a5 $142) ({Predecessor:} 14... a6 15. Bf1 b5 16. b4 Nd7 17. cxb5 a5 18. bxa5 Rxa5 19. Nb1 {½-½ (44) Lopatta,M-Noack,M DESC email 2003}) 15. h5 (15. exf5 $16 Nxe2+ 16. Ngxe2) 15... Nxe2+ (15... fxg4 $11 {remains equal.} 16. hxg6+ Kg8) 16. Qxe2 {And now hxg6+ would win.} f4 17. hxg6+ Kxg6 18. Bxc5 bxc5 19. Rh5 Rh8 20. Nh3 Bd7 21. Rh1 Bf6 22. Qh2 {Threatens to win with g5!} Qc8 $2 {[%mdl 8192] [#]} (22... Kg7 $14) 23. Ne2 $2 (23. Nxf4+ $1 $18 {[%mdl 512] has better winning chances.} Kf7 (23... exf4 24. Rxh6+) 24. Rxh6 Rxh6 25. Qxh6 exf4 26. g5 (26. Qxf4 Qg8 $11)) 23... Qa6 {[#]} (23... Bg7 $16) 24. g5 ({White should try} 24. b3 $1 $18) 24... Qxc4+ $16 25. Nc3 hxg5 {[#]} 26. Nf2 (26. Nxg5 $1 $16 {[%mdl 512] Rh6+ would kill now.} Qf1+ (26... Bxg5 27. Rxh8) 27. Rxf1 Rxh5 28. Qe2 Rxg5 29. Nb5) 26... Bg7 $1 $11 27. Rh7 Kf6 $2 {[%mdl 8192] [#]} (27... Rxh7 $11 28. Qxh7+ Kf6) 28. Qh6+ $1 {[%mdl 512] Precision: White = 43%, Black = 35%.} 1-0

[Event "Katowice Springs 2018"]
[Site "Katowice"]
[Date "2018.05.11"]
[Round "7"]
[White "Pacan-Milej, Kosma"]
[Black "Krzywda, Andrzej"]
[Result "0-1"]
[WhiteElo "2301"]
[BlackElo "2163"]
[Annotator "TA"]
[PlyCount "122"]
[EventDate "2018.??.??"]
[EventType "swiss"]
[EventCountry "POL"]
[SourceTitle "playchess.com"]
[Source "ChessBase"]
[SourceQuality "1"]

{[%evp 11,122,35,46,43,97,95,106,97,96,75,68,86,75,99,62,0,0,0,0,7,0,0,0,0,16,0,22,11,25,0,29,11,14,10,25,15,10,0,23,0,22,12,12,20,31,0,18,18,18,18,15,13,14,21,36,40,45,46,45,38,40,41,57,52,51,48,54,64,73,-118,-16,-99,-93,-95,0,-110,-106,-153,-122,-133,-124,-320,-344,-328,-323,-304,-283,-367,-184,-495,-458,-489,-489,-448,-433,-756,-764,-756,-749,-666,-576,-29976,0,-597,0,-29976,-29977,-29981,-29982,-29995,-29979,-29979,-29973]} 1. e4 c5 2. Nf3 e6 3. b3 Nf6 4. e5 Nd5 5. Bb2 Nc6 6. g3 f5 {LiveBook: 3 Games. B40: Sicilian: 2...e6, Unusual lines} (6... Be7 7. Bg2 O-O 8. O-O d6 9. exd6 Qxd6 10. Na3 Bf6 11. Bxf6 Nxf6 12. Qe2 Rb8 13. Nb5 Qe7 14. Ne5 Nd4 15. Nxd4 cxd4 16. c4 dxc3 17. dxc3 {1-0 (52) Alekseenko,K (2585)-Moiseenko,A (2677) Minsk 2017}) 7. Bg2 a6 $146 (7... Be7 $14) ({Predecessor:} 7... Qc7 8. O-O Be7 9. c4 Ndb4 10. d3 Nd8 11. Nc3 a6 12. d4 cxd4 13. Nxd4 Nbc6 14. Nd5 exd5 15. Nxf5 O-O 16. Nxe7+ Nxe7 17. cxd5 Qa5 18. a3 b6 19. b4 Qb5 20. a4 Qc4 21. d6 {1-0 (21) Govedarica,R (2415)-Zarkovic,M (2108) Belgrade 2014}) 8. O-O $16 Qc7 {White is better.} 9. c4 Nde7 10. Re1 b6 11. d4 cxd4 12. Nxd4 Bb7 13. Nc3 ({White should try} 13. Nf3 $14) 13... Nxd4 $11 14. Qxd4 Bxg2 15. Kxg2 Nc6 16. Qf4 (16. Qd3 {is more complex.} Be7 17. Rad1 Qb7 18. f3 b5 19. cxb5 axb5 20. Rd2) 16... Qb7 17. Kg1 Bc5 {Threatens to win with ...Nd4.} 18. Rad1 O-O 19. a3 Rac8 20. Re2 Rf7 21. Red2 Bf8 22. b4 Qc7 23. Na4 Rb8 24. Rc1 Qb7 25. Qe3 h6 26. c5 bxc5 27. Nxc5 Bxc5 28. Qxc5 Ne7 29. Qc7 Nd5 30. Qxb7 Rxb7 31. Bd4 Rf8 32. Rdc2 g5 33. Bc5 Ra8 34. Bd6 Kf7 35. Rc8 Rxc8 36. Rxc8 $14 {[%mdl 4096] Endgame KRB-KRN} g4 37. Rf8+ Kg6 38. Ra8 Rb6 39. Ra7 Rc6 {Hoping for ...Rc1+.} 40. Rxd7 $2 (40. Bc5 $16 {stays on course.}) 40... Rc1+ $1 $17 41. Kg2 f4 $1 {[%cal Rf4f3]} 42. gxf4 h5 (42... Rc3 $17 43. h4 Nxf4+ 44. Kg1 Rxa3) 43. f3 {[#]} (43. Rd8 $11) 43... Rc2+ $1 44. Kg3 Rc3 $1 {[%csl LRa3,LRf3]} 45. f5+ exf5 (45... Kxf5 $6 46. Rf7+ Kg6 47. Rf8 $11) 46. Bc5 $2 (46. Kf2 $17 {is the only way for White.} Rxf3+ 47. Ke1) 46... Rxf3+ $19 47. Kg2 Nf4+ 48. Kg1 {[#]} h4 $1 ({Weaker is} 48... Rxa3 49. Rd6+ Kg5 50. e6 $11) 49. Rd6+ Kf7 (49... Kg5 $142 50. a4 (50. Rxa6 {gets mated.} Ne2+ 51. Kh1 h3 52. Be3+ f4 53. Bxf4+ Nxf4 54. Rg6+ Kxg6 55. Kg1 Ne2+ 56. Kh1 Rf1#) 50... g3 51. hxg3 (51. Rxa6 g2 52. Bf2 h3 53. Bh4+ Kxh4 54. Rh6+ Nh5 55. Rxh5+ Kxh5 56. e6 Rf1#) 51... hxg3) 50. Rd7+ $2 (50. Rxa6 {is a self mate.} Ne2+ 51. Kh1 h3 52. Ra7+ Kg6 53. Ra6+ Kh5 54. Rh6+ Kxh6 55. Be3+ Rxe3 56. a4 Rf3 57. e6 Rf1#) (50. a4) 50... Ke6 51. Re7+ Kd5 52. Rd7+ Kxe5 53. Rd2 (53. Re7+ $142 Ne6 54. a4) 53... Rxa3 54. b5 Ra1+ 55. Kf2 Nh3+ 56. Kg2 {Bd4+ is the strong threat.} Nf4+ (56... Rc1 $142 57. Re2+ Kd5 58. Be3 Ra1 59. Rd2+ Ke4 60. Bb6 f4 61. Rd4+ Ke5 62. Rd3 f3+ 63. Rxf3 Ra2+ 64. Rf2 Nxf2 65. Bc7+ Ke4 66. Ba5 Nd3+ 67. Kg1 Rxa5 68. Kg2 Ra2+ 69. Kg1 Kf3 70. h3 Ra1+ 71. Kh2 g3#) 57. Kf2 {Black must now prevent Bd4+.} Nh3+ (57... Rh1 $19 58. Bd6+ Ke4 59. Bxf4 Kxf4) 58. Kg2 $1 {aiming for Bd4+.} Rc1 {Black mates.} 59. Bd4+ Ke4 60. bxa6 Nf4+ 61. Kf2 Nd3+ {Precision: White = 51%, Black = 56%.} 0-1

[Event "Katowice Springs 2018"]
[Site "Katowice"]
[Date "2018.05.11"]
[Round "7"]
[White "Bakalarz, Mietek"]
[Black "Molchanov, Oleksii"]
[Result "1/2-1/2"]
[WhiteElo "2288"]
[BlackElo "2355"]
[Annotator "TA"]
[PlyCount "116"]
[EventDate "2018.??.??"]
[EventType "swiss"]
[EventCountry "POL"]
[SourceTitle "playchess.com"]
[Source "ChessBase"]
[SourceQuality "1"]

{[%evp 15,116,-25,-25,-20,-18,-23,-12,-54,-44,-58,-56,-58,-56,-50,-49,-68,0,-47,-42,-47,-37,-39,339,332,346,101,97,96,90,72,70,78,68,51,90,93,89,94,96,75,74,75,70,67,90,68,78,92,90,75,89,90,111,115,108,75,109,108,112,112,115,104,113,87,96,102,91,93,104,62,77,49,44,43,48,28,31,41,46,42,45,42,35,37,50,50,41,45,100,91,114,80,80,80,80,80,80,80,94,94,94,0,0]} 1. d4 d5 2. Nf3 Nf6 3. Bf4 c5 4. e3 Nc6 5. dxc5 (5. c3 e6 6. Nbd2 Bd6 7. dxc5 Bxc5 8. Bd3 h6 9. Qe2 Nh5 10. Bg3 Nxg3 11. hxg3 Bd7 12. e4 dxe4 13. Nxe4 Be7 14. g4 Qc7 15. g5 O-O-O 16. gxh6 gxh6 {½-½ (101) Mamedyarov,S (2809)-Nakamura,H (2787) Moscow 2018}) 5... e6 6. Be2 {D02: 1 d4 d5 2 Nf3 sidelines, including 2...Nf6 3 g3 and 2...Nf6 3 Bf4} Bxc5 7. O-O O-O 8. Nbd2 Qe7 {LiveBook: 4 Games} 9. Ne5 $146 ({Predecessor:} 9. Bg5 h6 10. Bh4 Rd8 11. c4 dxc4 {0-1 (44) Bank,P (2283)-Ochsner,B (2459) Denmark 2018}) 9... Rd8 10. c3 Ne8 11. Qb3 f6 12. Nd3 e5 13. Bg3 Bb6 14. c4 Be6 {[#] aiming for ...dxc4.} 15. Qa4 Ba5 (15... g6 $15) 16. cxd5 Rxd5 17. Ne4 Rad8 18. Rfd1 Qd7 $2 {[%mdl 8192]} (18... Bf7 $15 {stays ahead.}) 19. Ndc5 $18 b5 20. Nxd7 $2 (20. Rxd5 $18 bxa4 21. Rxd7 (21. Nxd7 Bxd5 22. Nec5 Nb8 $14) 21... Bxd7 22. Bb5) 20... bxa4 $16 21. Ndc5 Bf7 22. Nxa4 Rxd1+ 23. Bxd1 Nd6 24. Bf3 Nf5 25. a3 Nce7 26. b4 Bc7 27. Rd1 h5 28. Rxd8+ Bxd8 29. h3 Nd5 30. Bh2 Nb6 31. Nxb6 Bxb6 32. g4 hxg4 33. hxg4 Nh4 34. Be2 Bd5 35. Bg3 {Strongly threatening Nc3.} Ng6 36. Bd3 Ne7 37. Kf1 Kf7 38. Ke2 a5 39. Nd6+ Ke6 40. Nc4 axb4 41. axb4 ({Much weaker is} 41. Nxb6 $6 bxa3 42. Bb1 (42. Nxd5 $2 a2 $19) 42... a2 $11) 41... Bd8 {[#] White must now prevent ...e4.} 42. Nd2 Kd7 43. b5 Be6 44. f3 Nd5 45. Ne4 Bb6 46. Bf2 Ke7 47. Ng3 Bd7 48. Nf5+ Kf8 49. Be1 Bc5 50. Ba5 g6 51. Nh4 Kg7 ({Black should try} 51... Bxe3 $14 52. Nxg6+ Ke8) 52. Nxg6 Bxb5 53. Nxe5 Bxd3+ 54. Nxd3 Bxe3 {KBN-KBN} 55. Nb4 Bb6 56. Bxb6 Nxb4 57. f4 f5 58. gxf5 (58. g5 $16) 58... Kf6 {Precision: White = 60%, Black = 59%.} 1/2-1/2

[Event "Katowice Springs 2018"]
[Site "Katowice"]
[Date "2018.05.11"]
[Round "8"]
[White "Frolov, Artur"]
[Black "Molenda, Marcin"]
[Result "1/2-1/2"]
[WhiteElo "2432"]
[BlackElo "2383"]
[Annotator "TA"]
[PlyCount "101"]
[EventDate "2018.??.??"]
[EventType "swiss"]
[EventCountry "POL"]
[SourceTitle "playchess.com"]
[Source "ChessBase"]
[SourceQuality "1"]

{[%evp 18,101,56,30,52,43,51,40,57,63,93,24,29,22,25,0,0,0,0,0,0,0,0,0,0,0,4,-31,0,-52,-47,-63,-59,-62,-46,-68,-77,-75,-73,-72,-78,-83,-62,-56,-24,-65,-65,-129,-117,-91,-83,-77,0,-47,3,4,100,116,110,95,102,34,35,30,35,35,35,35,35,35,108,16,20,0,0,0,0,0,0,0,0,0,0,0,0,0]} 1. e4 c5 2. Nf3 e6 3. d4 cxd4 4. Nxd4 Nc6 5. Nc3 Qc7 6. Be3 a6 7. f3 Nf6 8. Qd2 Bb4 9. a3 Be7 10. g4 {[%cal Bg2g4,Bg4g5][%mdl 32] LiveBook: 54 Games. B48: Sicilian: Taimanov: 5 Nc3 Qc7 6 Be3 a6 without Be2} Ne5 (10... O-O 11. g5 Ne8 12. h4 b5 13. Nxc6 Qxc6 14. Ne2 Bb7 15. Nd4 Qc7 16. O-O-O Rc8 17. h5 Nd6 {1-0 (35) Pikula,D (2460)-Kazakov,M (2526) Zuerich 2018}) 11. g5 Nh5 $1 12. f4 {White is slightly better.} Nc4 $146 ({Predecessor:} 12... Ng4 13. e5 d6 14. Be2 Nxe3 15. Qxe3 g6 16. Bxh5 gxh5 {1-0 (28) Chumpitaz Carbajal,A (2160)-Kochetkova,J (2305) Istanbul 2012}) 13. Bxc4 $1 Qxc4 14. Qe2 ({White should try} 14. Rf1 $16) 14... Qxe2+ $11 15. Ndxe2 b5 16. Ng3 Nxg3 17. hxg3 Bb7 18. Bd4 f6 19. gxf6 gxf6 20. Rh6 O-O 21. O-O-O Rf7 22. f5 Rc8 23. Kd2 (23. Rd3 $11) 23... e5 $36 {[%mdl 2048] White is under pressure.} 24. Bf2 b4 25. axb4 Bxb4 {aiming for ...Bxe4.} 26. Rh4 a5 27. Be1 Bxc3+ 28. bxc3 a4 29. Ra1 Bc6 30. c4 Rb8 31. Kd3 Rg7 32. c5 (32. Bf2 $15) 32... Rg5 33. g4 {and if Bd2 works, White does fine.} Rg7 34. Bd2 Bb5+ (34... Kf7 $17) 35. Kc3 Bc6 36. Bh6 Rf7 (36... Re7 $11 {remains equal.}) 37. g5 $16 fxg5 {[#]} 38. Rg4 $1 ({Worse is} 38. Bxg5 Rg7 $15) 38... Kh8 39. Rxg5 (39. Bxg5 $16 Ra8 40. Kb4) 39... Bxe4 $14 40. Rag1 a3 41. Bg7+ {[#]} Rxg7 $1 {[%mdl 512]} 42. Rxg7 {Threatens to win with f6.} Bxf5 {[%mdl 4096] Endgame KRR-KRB} 43. Re7 a2 {[#]} (43... h5 $14) 44. Rxe5 (44. Ra1 $1 $16) 44... Be6 $11 {The position is equal.} 45. Ree1 Rb5 46. Kd4 Rb4+ 47. Kd3 {White wants to play c6!} Rb5 48. Kd4 Rb4+ 49. Kd3 {Black should prevent c6!} Rb5 50. Kd4 Rb4+ 51. Kd3 {Precision: White = 57%, Black = 72%.} 1/2-1/2

[Event "Katowice Springs 2018"]
[Site "Katowice"]
[Date "2018.05.11"]
[Round "8"]
[White "Teclaf, Pawel"]
[Black "Szustakowski, Antoni"]
[Result "1/2-1/2"]
[WhiteElo "2373"]
[BlackElo "2331"]
[Annotator "TA"]
[PlyCount "129"]
[EventDate "2018.??.??"]
[EventType "swiss"]
[EventCountry "POL"]
[SourceTitle "playchess.com"]
[Source "ChessBase"]
[SourceQuality "1"]

{[%evp 17,129,0,37,0,8,0,0,3,18,18,20,25,33,18,18,0,19,27,31,7,11,-5,-3,-10,0,-7,0,0,10,19,22,-54,-35,-51,-39,-42,-67,-181,-185,-195,-154,-241,-239,-252,-210,-216,-207,-213,-209,-197,-185,-184,-183,-191,-181,-266,-236,-253,-241,-237,-170,-336,-245,-229,-179,-179,-176,-167,-168,-129,-75,-82,-79,-160,-80,-80,-80,-80,-80,-80,-80,-80,-80,-80,0,0,0,0,0,0,0,0,0,0,0,0,0,0,0,0,0,0,0,0,0,0,0,0,0,0,0,0,0,0]} 1. e4 e6 2. d4 d5 3. Nd2 c5 4. exd5 Qxd5 5. Ngf3 cxd4 6. Bc4 Qd7 {C07: French Tarrasch: 3...c5, 4 Ngf3 and 4 exd5 Qxd5} 7. Nb3 Nc6 8. Nbxd4 Nxd4 9. Nxd4 a6 {LiveBook: 9 Games} 10. Bf4 Nf6 $146 ({Predecessor:} 10... Ne7 11. Qd2 Ng6 12. O-O-O Bc5 13. Bg3 b5 14. Be2 {1-0 (33) Adams,M (2709)-Suarez Gomez,J (2486) Caleta 2018}) 11. a4 Bc5 12. Be5 O-O 13. c3 Qe7 14. O-O Rd8 15. Qf3 Bd6 16. Rae1 h6 17. Qg3 Bxe5 18. Qxe5 Qd6 19. Qe2 Bd7 {[%cal Bc8d7,Bd7c6,Bc6e4][%mdl 32]} 20. Bb3 Bc6 21. f4 Be4 22. g4 {Strongly threatening g5.} Qc5 23. h4 Bg6 24. Qg2 (24. g5 $11 hxg5 25. fxg5) 24... Rxd4 $15 25. cxd4 Qxd4+ 26. Qf2 Qb4 27. Qf3 {[#]} (27. Bd1 $15) 27... Nxg4 $1 $19 {[%mdl 512]} 28. Bxe6 (28. Qxg4 Qxb3) 28... Qd4+ $1 (28... fxe6 29. Qxg4 Bf5 30. Qf3 $17) 29. Kh1 {[#]} (29. Kg2 $17 {keeps fighting.} Nf6 30. f5) 29... Nf6 $1 ({Weaker is} 29... fxe6 30. Qxg4 Be4+ 31. Kh2 $17) 30. Qxb7 Rf8 31. Qg2 Be4 $40 {[%mdl 128] Black wants a kill.} 32. Rxe4 Nxe4 ({But not} 32... Qxe4 33. Qxe4 Nxe4 34. Re1) 33. Bf5 Nd6 34. Bc2 Qf6 35. Qf2 Nf5 36. b4 (36. h5 {was necessary.}) 36... Nxh4 37. b5 axb5 38. axb5 Nf5 39. Be4 $2 (39. Re1 {might work better.}) 39... Nd4 40. Rb1 {With the idea b6.} Rb8 41. Bd3 Qd6 {White must now prevent ...Qd5+.} 42. Qe3 Qd5+ 43. Kg1 g6 ({Black should try} 43... Kf8 44. Be4 Qd6) 44. b6 $17 Qc5 {Hoping for ...Ne2+!} ({Of course not} 44... Nf3+ $6 45. Kf2 $11) 45. b7 {[#]} (45. Kh2 $142) 45... Nb3 $1 {[%mdl 512]} 46. Qxc5 (46. Rxb3 Qxe3+) 46... Nxc5 {[%mdl 4096] Endgame KRB-KRN} 47. Rc1 Nxb7 48. Rb1 Rd8 49. Bxg6 fxg6 50. Rxb7 {KR-KR} Rd4 ({Better is} 50... Rf8 $17 51. Rb4 Rf6) 51. f5 $11 {The position is equal.} Rg4+ 52. Kh2 gxf5 53. Kh3 Rg7 54. Rb5 Rf7 55. Kg3 Kg7 56. Kf4 Kg6 57. Rb6+ Rf6 58. Rb8 $1 Kh5 59. Rb5 Kg6 60. Rb8 Ra6 61. Rg8+ Kf7 62. Rb8 Ra5 63. Rb6 Kg7 64. Rc6 h5 65. Kg5 {Precision: White = 60%, Black = 58%.} 1/2-1/2

[Event "Katowice Springs 2018"]
[Site "Katowice"]
[Date "2018.05.11"]
[Round "8"]
[White "Molchanov, Oleksii"]
[Black "Piesik, Piotr"]
[Result "1/2-1/2"]
[WhiteElo "2355"]
[BlackElo "2372"]
[Annotator "TA"]
[PlyCount "232"]
[EventDate "2018.??.??"]
[EventType "swiss"]
[EventCountry "POL"]
[SourceTitle "playchess.com"]
[Source "ChessBase"]
[SourceQuality "1"]

{[%evp 13,232,7,27,11,52,28,25,9,28,28,45,15,44,41,71,61,49,48,224,172,222,233,224,218,266,216,208,210,193,187,187,152,143,123,125,24,25,26,31,31,35,40,81,42,46,46,138,61,45,10,105,80,102,105,132,136,170,108,108,108,225,162,153,117,135,127,143,120,99,121,118,89,202,197,221,221,29984,29985,29985,29986,29986,29986,29986,29978,29977,29972,757,8,8,8,44,0,0,0,19,19,19,19,19,19,19,19,19,19,19,0,19,0,0,0,0,0,0,0,0,0,0,0,0,0,0,0,0,0,0,0,0,0,0,0,0,0,0,0,0,0,0,0,0,0,0,0,0,0,0,0,0,0,0,0,0,0,0,0,0,0,0,0,0,0,0,0,0,0,0,0,0,0,0,0,0,0,0,0,0,0,0,0,0,0,0,0,0,0,0,0,0,0,0,0,0,0,0,0,0,0,0,0,0,0,0,0,0,0,0,0,0,0,0,0,0,0,0,0,0,0,0,0,0,0,0]} 1. c4 e5 2. g3 Nf6 3. Bg2 d5 4. cxd5 Nxd5 5. Nc3 Nb6 6. e3 Be7 {A22: English Opening: 1...e5 2 Nc3 Nf6} (6... Nc6 7. Nge2 h5 8. d4 h4 9. d5 Ne7 10. e4 hxg3 11. hxg3 Rxh1+ 12. Bxh1 Ng8 13. Be3 Nf6 14. Qc2 {0-1 (57) Ponkratov,P (2613)-Karjakin,S (2760) Riadh 2017}) 7. Nge2 O-O {LiveBook: 48 Games} 8. f4 exf4 9. Nxf4 N8d7 10. O-O Nf6 11. b3 c6 12. Bb2 Bg4 13. Qc2 Nbd5 $146 ({Predecessor:} 13... Qd7 14. h3 {½-½ (35) Nagy,G (2439)-Warakomska,A (2298) Zalakaros 2016}) 14. Ncxd5 Nxd5 15. Be4 {aiming for Nxd5.} Nb4 $2 (15... h6 $14) 16. Bxh7+ $18 Kh8 17. Ng6+ ({But not} 17. Qc3 $6 Bf6 $16) 17... fxg6 18. Qxg6 {[%csl Gg6][%cal Rb2g7]} Bf6 19. Bxf6 Rxf6 20. Qxg4 Rxf1+ 21. Rxf1 Qxd2 22. Bb1 Qxe3+ 23. Kh1 {White threatens Qf5 and mate.} Nd5 24. Qf5 ({Better is} 24. Qh3+ $16 Qh6 25. Qd7) 24... Nf6 $11 25. Qg6 $40 {[%mdl 128] White has some attack.} Qe7 $1 26. g4 {And now g5 would win.} Rd8 $1 {[%cal Rd8d2]} 27. Bd3 Qe8 28. Qxe8+ (28. g5 {keeps more tension.} Qxg6 29. Bxg6 Nd5 30. Rf7 a5 31. h4) 28... Rxe8 $16 {[%mdl 4096] Endgame KRB-KRN} 29. g5 Ng4 (29... Ne4 $14) 30. g6 (30. Bg6 $16 Rd8 31. Re1) 30... Ne5 $14 31. Bc2 a5 (31... Ng4 $11) 32. Rf4 b5 33. h4 Kg8 34. Bf5 $1 c5 35. h5 (35. Be4 $1 $18) 35... c4 $16 36. bxc4 $1 bxc4 (36... Nxc4 $16 37. a4 Nd6) 37. Be4 c3 38. Bd5+ Kh8 {[#] Threatens to win with ...c2.} 39. Bb3 $1 Rc8 40. a3 Nd7 {next ...c2 is good for Black.} 41. Bc2 Nf6 42. Kg2 Rd8 (42... Nd5 $16 {was worth a try.} 43. Re4 Nf6) 43. Kf3 $18 Rd2 44. Ba4 Ra2 $2 (44... Rd8 $18 45. Rc4 Rf8) 45. Rc4 Rxa3 46. Rc8+ Ng8 47. Bc2 a4 48. Ke3 Ra1 49. Ke2 Rh1 {[#]} 50. Bxa4 $2 (50. Bd3 $1 $18 {[%cal Rd3c4] Threatening mate with Bc4.} Rh2+ 51. Ke3) 50... c2 $1 $11 {[%cal Rc2c1]} 51. Bxc2 {Rc5 is the strong threat.} Rxh5 52. Rc3 Ne7 {The position is equal.} 53. Rc7 Rh2+ 54. Kf3 Rxc2 55. Rxc2 Nxg6 {KR-KN} 56. Kg4 Kg8 57. Kf5 Nf8 58. Rc7 Kh7 59. Ra7 (59. Rc6 {feels hotter.} Nd7 60. Kg5 Ne5 61. Rc7 Nf3+ 62. Kh5) 59... Kg8 60. Ke5 Kh7 61. Ra8 Kg8 62. Kd6 {White wants to mate with Ke7.} Kf7 63. Ra1 Nh7 64. Rf1+ Nf6 65. Rf3 Kg6 66. Ke7 Ng4 67. Kf8 Ne5 68. Rg3+ (68. Rf1 {keeps more tension.} Kg5 69. Ke7 Kg4 70. Ke6 Nf3 71. Ra1) 68... Kf5 69. Kxg7 Kf4 70. Ra3 Kf5 71. Ra1 Ke6 72. Rf1 Nd7 73. Rf2 Ne5 74. Rf6+ Kd5 75. Ra6 Nd7 76. Kf7 Ne5+ 77. Kf6 {Black must now prevent Ra5+.} Nc6 (77... Nd3 {is more complex.} 78. Ra1 Kd4 79. Kg7 Ke4 80. Ra4+ Ke3) 78. Ra1 Nd4 79. Ra5+ Kd6 80. Ra8 Kd5 81. Re8 Nc6 82. Re1 $1 Nd4 83. Re5+ Kd6 84. Ra5 Nc6 85. Ra4 Kd5 86. Kf5 Nd4+ 87. Kf4 Ne6+ 88. Ke3 Nc5 89. Rd4+ Ke5 90. Rh4 Kd5 91. Rh8 Ne6 92. Rh5+ Kc4 93. Ke4 Nc5+ 94. Ke5 Nd3+ 95. Kd6 Kd4 96. Rh4+ Ke3 97. Ra4 Nf4 98. Ke5 {Intending Re4+ and mate.} Nd3+ 99. Kf5 Kf3 100. Re4 Nf2 101. Rh4 Ke3 102. Rh2 Nd3 103. Ra2 Kd4 104. Ra4+ Ke3 105. Re4+ Kf3 106. Re8 Nf2 107. Ke5 Ke3 108. Kd5+ Kd3 109. Re1 Kd2 110. Ra1 $1 Ke3 111. Ra3+ $1 Kf4 112. Kd4 Ng4 113. Ra1 Kf5 114. Rf1+ Ke6 115. Rf4 Nf6 116. Rxf6+ Kxf6 {Precision: White = 68%, Black = 62%.} 1/2-1/2